Statistics for Cleveland Cavaliers 2016-17 Roster

Click here to take the quiz!

General Stats

  • This quiz has been taken 633 times
    (82 since last reset)
  • The average score is 10 of 22

Answer Stats

Nbr Post Player G % Correct
0PFKevin Love60
97%
23SFLeBron James74
97%
2PGKyrie Irving72
92%
13CTristan Thompson78
91%
5SGJ.R. Smith41
85%
-Head CoachTyronn Lue-
77%
26SGKyle Korver35
59%
4SGIman Shumpert76
51%
3-32PFDerrick Williams25
48%
31PGDeron Williams24
48%
24SFRichard Jefferson79
45%
1SFJames Jones48
39%
30SFDahntay Jones1
39%
8CChanning Frye74
37%
6CAndrew Bogut1
16%
20PGKay Felder42
15%
3SFMike Dunleavy23
12%
00CChris Andersen12
12%
14SGDeAndre Liggins61
12%
12SGJordan McRae37
11%
40CEdy Tavares1
8%
9CLarry Sanders5
7%

Score Distribution

Percentile by Number Answered

Percent of People with Each Score

Your Score History

You have not taken this quiz since the last reset